Airlines of Dublin Airport - Statistics

General Stats
  • This quiz has been taken 342 times
  • The average score is 16 of 42
Answer Stats
Hint Answer % Correct
Irish Aer Lingus
89%
Irish Ryanair
87%
French Air France
78%
British British Airways
78%
Dutch KLM
71%
German Lufthansa
71%
Emirati Emirates
70%
American American Airlines
69%
American Delta
68%
American United
66%
Turkish Turkish Airlines
60%
Finnish Finnair
55%
Qataris Qatar Airways
54%
Greek Aegean Airlines
50%
Ethiopian Ethiopian Airlines
49%
Canadian WestJet
48%
Swiss Swiss Air
45%
Spanish Vueling
45%
Luxembourgish (I Know) Luxair
42%
Moldovian Air Moldova
40%
German Eurowings
39%
Canadian Air Transat
36%
Scandinavian (Swedish) Scandinavian Airlines
33%
Scottish Loganair
32%
Emirati Etihad Airlines
30%
Icelandic WOW Air
29%
Spanish Air Europa
28%
British Flybe
28%
Dutch Transavia
27%
Canadian Air Canada Rouge
22%
Spanish Iberia Express
22%
Romanian Blue Air
17%
Israeli Arkia
13%
Turkish SunExpress
13%
Irish Cityjet
11%
Czech SmartWings
10%
Moldovian FlyOne
9%
Russian S7 Airways
6%
Cyrpriot Cobalt Air
5%
Norwiegan Norweigan Air
4%
Spanish AlbaStar
3%
British Thomson Airways
2%
No matching quizzes found
Score Distribution
Percent of People with Each Score
Percentile by Number Answered
Your Score History
You have not taken this quiz